| 000 | 00585nam a2200193 i 4500 | ||
|---|---|---|---|
| 001 | 91096 | ||
| 003 | ES-MaACL | ||
| 007 | t| | ||
| 008 | 050127q19101919sp ||||1| spa d | ||
| 100 | 1 |
_aLermontov, Mijail lur'evich. _971779 |
|
| 245 | 1 | 3 |
_aUn héroe de nuestro tiempo / _cpor Lermontof ; traducción del ruso por G. Portnof. |
| 260 |
_aMadrid : _bJiménez-Fraud, _c[191-?] ( _fImp. Clásica Española) |
||
| 300 |
_a257 p. ; _c16 cm. |
||
| 490 | 1 | _aGranada | |
| 700 | 1 |
_aPortnof, G. _993282 |
|
| 830 | 0 |
_aGranada _9231967 |
|
| 852 |
_aES-MaACL _jG-2022 |
||
| 999 |
_c91096 _d91096 |
||